000 00559nam a22002177a 4500
003 UA-OsUOA
001 78976
007 ta
008 20111025b un ||||| |||| 00| 0 ukr d
100 _aЛімборський І.
090 _a82
_bЛ67
942 _cSA
040 _aUA-OsUOA
_bukr
_cUA-OsUOA
_dUA-OsUOA
245 _aРококо в україській літературі
300 _aС.57-64
955 _a0
041 _aukr
080 _a82
773 0 _w78973
650 7 _a82 Література. Літературознавство
_2UDC
999 _c365295
_d365295